000 00582nam a22001457a 4500
003 SGT
082 _a617.6342
_bC23P
100 _aPrachi
245 _aComparative Evaluation of the Antibacterial Efficacy and Postoperative Pin of Calcium Hydroxide Paste combined with Ketorolac or Ciprofloxacin in infected Root Canals with Asymptomatic Apical Periodontics
_bA Randomized Clinical Trial
260 _aGurugram, Haryana
_bSGT University
_c2023
300 _a105
650 _aConservative Dentistry & Endodontics
653 _aConservative Dentistry & Endodontics
942 _2ddc
_cTH
999 _c23736
_d23736